00466nam a2200169Ia 4500003000400000008004100004040001600045082001600061100002600077245007800103700001900181260004300200300001100243650001500254650001200269650001500281GCL140319s9999 xx 000 0 eng d aGCL / cGCL04a672.32bG H1 aGINZBURG, VLADIMIR B.10aHIGH-QUALITY STEEL ROLLING: THEORY AND PRACTICE / cGINZBURG, VLADIMIR B.1 aBALLAS, ROBRNT a[S.N] : bMARCEL DEKKER, INC ، c1993 a816 PP04aSTEEL WORK04aROLLING04aWORK METAL